000 00491nmm a2200169Ia 4500
008 251105s9999||||xx |||||||||||||||||und||
020 _a9788476589915
041 _aspa
100 _aMoran, Dermot
245 0 _aIntroducción a la Fenomenología
264 _a[Madrid, España] :
_bAnthropos,
_c2011
300 _a528 páginas
490 _aAutores, textos y temas. Filosofía
650 _aPhilosophy, Ethics
856 _uhttps://public.digitaliapublishing.com/a/15698
942 _cCF
999 _c85291
_d85291